| 000 | 00864nam a2200265 i 4500 | ||
|---|---|---|---|
| 003 | DO-SdBNP | ||
| 005 | 20240808140335.0 | ||
| 007 | ta | ||
| 008 | 240730s2007 sp ac 000 0 spa d | ||
| 020 | _a9788449424359 | ||
| 040 |
_aDO-SdBNP _bspa _cBNPHU _erda |
||
| 082 | 4 |
_a036.61 _bD545L 2007 _222 |
|
| 245 | 0 | 0 |
_aDiccionario de literatura universal / _cdirección Carlos de Gispert |
| 264 | 1 |
_aBarcelona : _bOcéano, _c2007. |
|
| 300 |
_a1152 páginas : _bilustraciones, retratos ; _c27 cm. |
||
| 336 |
_2rdacontent _atexto _btxt |
||
| 337 |
_2rdamedia _asin mediación _bn |
||
| 338 |
_2rdacarrier _avolumen _bnc |
||
| 500 | _aIncluye índice cronológico de autores | ||
| 590 | _aInventariado, YL/ 2024 | ||
| 650 | 4 |
_aLiteratura _xDiccionarios _xEspañol _942819 |
|
| 700 | 1 |
_aGispert, Carlos de, _edirección _933561 |
|
| 910 | _aYLockward | ||
| 942 |
_2ddc _cLBS1 |
||
| 999 |
_c19724 _d19724 |
||